Biblioteca

Semillas de comunión para el tercer milenio (Registro nro. 52091)

Detalles MARC
000 -LÍDER
Campo fijo de descripción fija 01072aab a2200193 i 4500
001 - NÚMERO DE CONTROL
Campo de control 768714001
003 - IDENTIFICADOR DEL NÚMERO DE CONTROL
Campo de control CO-MdFUSB
005 - FECHA Y HORA DE LA ULTIMA TRANSACCIÓN
control field 20240422094214.0
008 - ELEMENTOS DE LONGITUD FIJA -- INFORMACIÓN GENERAL
Campo fijo de descripción fija -- Información general 220913b ||||| |||| 00| 0 eng d
040 ## - FUENTE DE CATALOGACIÓN
Idioma de catalogación spa
Agencia que realiza la transcripción CO-MdFUSB
Agencia que realiza la modificación CO-MdFUSB
041 ## - CÓDIGO DE IDIOMA
Código de idioma para texto/pista de sonido o título separado spa
100 1# - ASIENTO PRINCIPAL--NOMBRE PERSONAL
Nombre personal Lubich, Chiara (1920-)
Término relacionador autor
245 10 - TÍTULO
Título Semillas de comunión para el tercer milenio
Mención de responsabilidad / Chiara Lubich
300 ## - DESCRIPCIÓN FÍSICA
Extensión Volumen 13, número 4 (octubre - diciembre, 1994), páginas: 17 - 18
Dimensiones ; 27 cm
520 ## - NOTA DE RESUMEN, ETC.
Nota de sumario, etc. La tarea de cada familia es la de vivir con tanta perfección su vocación, que pueda convertirse en un modelo para toda la familia humana, transfiriéndole sus valores con su característico modo de ser.<br/>De esta manera la familia llegará a ser, como dice el título de Familyfest, semilla de comunión para la humanidad del tercer milenio.<br/>Dios ha creado a la familia como signo y modelo de toda convivencia.
650 #0 - ASIENTO SECUNDARIO DE MATERIA - TERMINO TEMÁTICO
9 (RLIN) 292
Término temático o nombre geográfico como elemento de entrada Familias
773 0# - ASIENTO DE ITEM FUENTE
Título Iglesia y Misión
Biblionumber 49402
Itemnumber 59645
Parte(s) relacionada(s) / Volumen., número. (mes año), páginas Volumen 13, número 4 (octubre - diciembre, 1994), páginas: 17 - 18
Enumeración y primera página página: 17
942 ## - TIPO DE MATERIAL (KOHA)
Tipo de Item KOHA Artículos de Revista

No hay ítems disponibles.

Biblioteca FUSBC | Teléfono: (57+4) 349 88 10 Ext. 141| WhatsApp (+57) 3005338115 
E-mail: biblioteca@unisbc.edu.co | Calle 76 87-14 Robledo Palenque, Medellín, Colombia

Con tecnología Koha